| 000 | 01406nac a22003251i 4500 | ||
|---|---|---|---|
| 003 | EG-ScBUE | ||
| 005 | 20250622091549.0 | ||
| 008 | 250611s1999 maua f b 001 0 eng d | ||
| 020 | _a0071164294 | ||
| 020 | _a9780071164290 | ||
| 040 |
_aEG-ScBUE _beng _erda _cEG-ScBUE _dEG-ScBUE |
||
| 082 | 0 | 4 |
_a537 _bKRA _222 |
| 100 | 1 |
_aKraus, John D., _d1910-2004, _eauthor. |
|
| 245 |
_aElectromagnetics : _bwith applications / _cJohn D. Kraus, mcDougal professor of electrical, engineering and astronomy, emeritus, Ohio State University, Daniel A. Fleisch, chief scientist, Aeroflex-Lintek Corp, visiting assistance professor, Wittenberg University ; with a chapter on electromagnetic effects in high speed digital systems by Samuel H. Russ. |
||
| 250 | _aFifth edition. | ||
| 250 | _aInternational edition. | ||
| 264 | 1 |
_aBoston, Massachusetts : _bWCB McGraw-Hill, _c1999. |
|
| 300 |
_axix, 617 pages : _billustrations (some color) ; _c24 cm. |
||
| 336 |
_2rdacontent _atext _btxt |
||
| 337 |
_aunmediated _2rdamedia _bn |
||
| 338 |
_avolume _bnc _2rdacarrier |
||
| 490 | 0 | _aMcGraw-Hill series in electrical and computer engineering | |
| 500 | _aIncludes Appendices. | ||
| 504 | _aIncludes bibliographical references and index. | ||
| 650 | 7 |
_aElectromagnetic theory. _2BUEsh |
|
| 655 | _vReading book | ||
| 700 | 1 |
_aFleisch, Daniel A., _eauthor. |
|
| 700 | 1 |
_aRuss, Samuel H., _eauthor. |
|
| 942 |
_cBB _2ddc |
||
| 999 |
_c1392 _d1392 |
||